000
00343nam a2200157Ia 4500
003
OSt
005
20240312104559.0
008
170523s9999 xx 000 0 und d
020
_a
978-9389347661
040
_c
iimtu meerut
100
_a
SRINIVASAN- R
245
0
_a
STRATEGIC MANAGEMENT
260
_b
PHI
260
_c
2002
942
_2
ddc
_c
02
999
_c
1492
_d
1492